Financiación internacional

Uloženo v:
Podrobná bibliografie
Hlavní autor: Cooper, R.N
Médium: Text
Vydáno: Madrid: Tecnos
Tagy: Přidat tag
Žádné tagy, Buďte první, kdo vytvoří štítek k tomuto záznamu!

MARC

LEADER 00000 a a2200000 04500
001 25003
003
040
090 |a 179600  
100 |a Cooper, R.N.  
245 |a Financiación internacional  
260 |a Madrid:   |b Tecnos  
300 |a 330 p.  
999 |c 3110  |d 3110